| 000 | 00455nam a2200169Ia 4500 | ||
|---|---|---|---|
| 008 | 240729s9999 xx 000 0 und d | ||
| 022 | _a1422-0067 | ||
| 245 | 0 | _aInternational Journal of Molecular Sciences | |
| 260 | _aSwitzerland | ||
| 260 | _bMDPI AG | ||
| 650 | _a Biology (General) | Science | ||
| 650 | _a Chemistry | ||
| 650 | _aScience | ||
| 856 | _uhttps://doaj.org/toc/6e6cfb34e9c1483f9b1bef353b647ec8 | ||
| 942 | _2ddc | ||
| 942 | _cDOAJEJ | ||
| 999 |
_c67866 _d67866 |
||
| 945 |
_a1 _bMadushi Gamage _c1 _dMadushi Gamage |
||